The Flash Characters - Statistics

General Stats
  • This quiz has been taken 48 times
    32 since last reset
  • The average score is 16 of 34
Answer Stats
Hint Answer % Correct
Take a guess....... Barry Allen/the Flash
95%
Mechanical engineer at STAR Labs Cisco Ramon/Vibe
82%
Bio-engineer at STAR Labs Caitlin Snow/Killer Frost
77%
Daughter of above Iris West
73%
Son of the Detective later a Speedster Wally West/Kid Flash
73%
Head of STAR Labs Harrison Wells
68%
Police Detective foster dad of above Joe West
68%
Mother of the Flash Nora Allen
68%
Father of the Flash Henry Allen
59%
Has a cold gun became a Legend Leonard Snart/Captain Cold
55%
Police Detective and former fiance of #3 Eddie Thawne
50%
Main villain season 1 (Man in yellow) Eobard Thawne/Reverse Flash
50%
Has a fire gun became a Legend Mick Rory/Heatwave
50%
Daughter of the Flash Nora West-Allen/XS
50%
Main villain of Season 2 Hunter Zolomon/Zoom
45%
Private Detective can stretch Ralph Dibny/Elongated Man
45%
First Half of Firestrorm Ronnie Raymond
45%
Wells from earth 2 Harry
41%
Harrison Wells from earth 19 HR
41%
Professor later became a Legend Martin Stein/Firestorm
41%
Wells in detective from Sherloque Wells
41%
Partner of above Jefferson Jackson/Firestorm
36%
Smartest man on earth Clifford DeVoe/The Thinker
32%
The Flash of Earth-2 Jay Garrick/the Flash
32%
His daugher Jesse Wells/Jesse Quick
32%
Evil version of the Flash Savitar
32%
Captain of the CCPD David Singh
27%
Girlfriend of Cisco can travel thru earths Gypsy
27%
Ex of the Flash and Sports reporter Linda Park
27%
Has a gun that can make things gold Lisa Snart/Golden Glider
27%
Wife of #2 can read minds Cecile Horton
18%
Helped team flash he is from England Julian
18%
Hates metahumas and want to kill them all Orlin Dwyer/Cicada
18%
Wife of the smartest man Marlize DeVoe
14%
No matching quizzes found
Score Distribution
Percent of People with Each Score
Percentile by Number Answered
Your Score History
You have not taken this quiz since the last reset